000 00326nam a2200133 4500
005 20260530113903.0
100 1 _aM. Wiesenthal
_932491
245 1 0 _aLes deux de Teotihuacán
264 1 _bGEOCOLO
_c1979
300 _a85 páginas
336 _atexto
_2rdacontent
337 _asin medio
_2rdamedia
338 _avolumen
_2rdacarrier
999 _c11842
_d11842